[Event "Aktobe Dvorkovich op-A"]
[Site "Aktobe"]
[Date "2025.06.29"]
[Round "8"]
[White "Sjugirov, Sanan"]
[Black "Sarana, Alexey"]
[Result "0-1"]
[WhiteElo "2635"]
[BlackElo "2686"]
[PlyCount "118"]
[EventDate "2025.06.22"]
[EventType "swiss"]
[EventRounds "9"]
[EventCountry "KAZ"]
[SourceTitle "CB27_2025"]
[SourceDate "2025.07.02"]
[SourceVersion "1"]
[SourceVersionDate "2025.07.02"]
[SourceQuality "1"]

1. e4 c5 2. Nf3 d6 3. d4 cxd4 4. Nxd4 Nf6 5. Nc3 a6 6. Be2 e5 7. Nb3 Be7 8. Be3 Be6 9. Qd3 0-0 10. 0-0 Nc6 11. a3 Rc8 12. Nd5 Nd7 13. Rad1 Bg5 14. Rd2 h6 15. Bxg5 Qxg5 16. Qg3 Rfd8 17. Rfd1 Kf8 18. f3 Qxg3 19. hxg3 Nc5 20. Nxc5 dxc5 21. Nb6 Rxd2 22. Rxd2 Rc7 23. Bc4 Ke7 24. Bd5 Na7 25. Nc4 Nc6 26. Nb6 Na7 27. f4 exf4 28. gxf4 Nc8 29. Nc4 b5 30. Bxe6 fxe6 31. Ne5 Nb6 32. Kf2 Nd7 33. Ng6+ Kf6 34. f5 Ne5 35. Rd6 Rc6 36. Rxc6 Nxc6 37. g4 exf5 38. gxf5 Ne5 39. Nf4 Nc4 40. Nd3 a5 41. Kg3 Kg5 42. Kf3 h5 43. Kg3 h4+ 44. Kf3 a4 45. Nxc5 Nxb2 46. Ne6+ Kf6 47. Nd4 b4 48. axb4 a3 49. b5 Nc4 50. Nb3 Ke5 51. Nc1 h3 52. Kg3 Kxe4 53. Kxh3 Kxf5 54. Kg3 Ke4 55. Kf2 Kd4 56. Ke2 Kc3 57. Kd1 Ne3+ 58. Ke2 Nd5 59. Kd1 g5 0-1

[Event "Aktobe Dvorkovich op-A"]
[Site "Aktobe"]
[Date "2025.06.23"]
[Round "2"]
[White "Urazayev, Arystanbek"]
[Black "Sjugirov, Sanan"]
[Result "1-0"]
[WhiteElo "2490"]
[BlackElo "2635"]
[PlyCount "127"]
[EventDate "2025.06.22"]
[EventType "swiss"]
[EventRounds "9"]
[EventCountry "KAZ"]
[SourceTitle "CB27_2025"]
[SourceDate "2025.07.02"]
[SourceVersion "1"]
[SourceVersionDate "2025.07.02"]
[SourceQuality "1"]

1. e4 c5 2. Nf3 d6 3. d4 cxd4 4. Nxd4 Nf6 5. Nc3 Nc6 6. Bg5 e6 7. Qd3 a6 8. Nxc6 bxc6 9. 0-0-0 Be7 10. Be2 Rb8 11. Qg3 Qb6 12. b3 0-0 13. h4 Kh8 14. Kb1 Qb4 15. e5 dxe5 16. Qxe5 Bb7 17. Rh3 Nd5 18. Bxe7 Qxe7 19. Rg3 f6 20. Qh5 e5 21. Bc4 Nf4 22. Qg4 Rbd8 23. Rxd8 Rxd8 24. Re3 Qb4 25. Kb2 Rd4 26. Re4 Rxe4 27. Nxe4 Qe7 28. g3 Nd5 29. h5 a5 30. a4 h6 31. Qf5 Kg8 32. Nc3 Kf8 33. Qd3 Qf7 34. Qd2 f5 35. Bxd5 cxd5 36. Nb5 Qxh5 37. Qxa5 Qe8 38. Nd6 Qd7 39. Qb4 Ba6 40. Nc4+ Kg8 41. Nxe5 Qe6 42. f4 Kh7 43. Qd4 Be2 44. b4 Qa6 45. a5 Qb5 46. Qc3 Bf1 47. Kc1 Qe2 48. Nc6 Qe4 49. Nd4 h5 50. Qd2 Bc4 51. Kb2 Qe8 52. Nxf5 Qg6 53. Ne3 Qxg3 54. Nxc4 dxc4 55. a6 Qf3 56. Qd7 Qxf4 57. a7 Qf6+ 58. Kb1 Qf8 59. Qb7 Qf1+ 60. Kb2 Qf6+ 61. Ka2 Qg6 62. Kb1 Qg1+ 63. Kb2 Qd4+ 64. Ka2 1-0

[Event "Chess.com Classic Play In"]
[Site "Chess.com INT"]
[Date "2025.05.19"]
[Round "5"]
[White "Sjugirov, Sanan"]
[Black "Gharibyan, Mamikon"]
[Result "1-0"]
[WhiteElo "2638"]
[BlackElo "2472"]
[PlyCount "77"]
[EventDate "2025.05.19"]
[EventType "swiss (blitz)"]
[EventRounds "9"]
[EventCountry "USA"]
[SourceTitle "CB21_2025"]
[SourceDate "2025.05.21"]
[SourceVersion "1"]
[SourceVersionDate "2025.05.21"]
[SourceQuality "1"]

1. d4 Nf6 2. c4 e6 3. Nc3 d5 4. cxd5 exd5 5. Bg5 Be7 6. e3 0-0 7. Bd3 Re8 8. Nf3 h6 9. Bf4 c5 10. 0-0 Nc6 11. dxc5 Bxc5 12. h3 d4 13. Na4 Bd6 14. Bxd6 Qxd6 15. Rc1 Bxh3 16. gxh3 Rad8 17. Bb5 Ne4 18. Bxc6 bxc6 19. Nxd4 c5 20. Nf5 Qf6 21. Qg4 Rd5 22. Qxg7+ Qxg7+ 23. Nxg7 Rg5+ 24. Kh1 Kxg7 25. Nc3 Nd2 26. Rg1 c4 27. Rxg5+ hxg5 28. Kg2 a6 29. Rc2 Ne4 30. Nxe4 Rxe4 31. Rc3 Kg6 32. Kf3 f5 33. Kg3 Kf6 34. f3 f4+ 35. exf4 Rxf4 36. Ra3 Kg6 37. Rxa6+ Kh5 38. Rb6 Rd4 39. Rb4 1-0

[Event "Chess.com Classic Play In"]
[Site "Chess.com INT"]
[Date "2025.05.19"]
[Round "2"]
[White "Sjugirov, Sanan"]
[Black "Moussard, Jules"]
[Result "1/2-1/2"]
[WhiteElo "2638"]
[BlackElo "2597"]
[PlyCount "167"]
[EventDate "2025.05.19"]
[EventType "swiss (blitz)"]
[EventRounds "9"]
[EventCountry "USA"]
[SourceTitle "CB21_2025"]
[SourceDate "2025.05.21"]
[SourceVersion "1"]
[SourceVersionDate "2025.05.21"]
[SourceQuality "1"]

1. d4 Nf6 2. c4 e6 3. Nc3 d5 4. cxd5 exd5 5. Bg5 c6 6. e3 h6 7. Bh4 Be7 8. Bd3 0-0 9. Nge2 Ne8 10. Bg3 Nd6 11. Qc2 Re8 12. 0-0 Bf8 13. Rae1 a5 14. Nf4 Na6 15. a3 b5 16. h3 Nc4 17. Qc1 Bd7 18. Bb1 Nd6 19. Nd3 Bf5 20. Ne5 Bxb1 21. Qxb1 Rc8 22. a4 b4 23. Ne2 Ne4 24. Qd3 Nac5 25. Qd1 Nd7 26. Nd3 c5 27. dxc5 Ndxc5 28. Nxc5 Bxc5 29. Bf4 Qf6 30. b3 Qb2 31. Nc1 d4 32. Nd3 Qc3 33. Nxc5 Nxc5 34. exd4 Nxb3 35. d5 Nc5 36. d6 Red8 37. Qg4 Qf6 38. Rc1 Ne6 39. Rxc8 Rxc8 40. Be3 Rd8 41. Qh5 Rxd6 42. Qxa5 b3 43. Qb4 Rd3 44. a5 Nd4 45. Rb1 Nc2 46. Qb8+ Kh7 47. Bf4 Nd4 48. Be5 Qf5 49. Bxd4 Rxd4 50. Qxb3 Qxa5 51. Qxf7 Qg5 52. Qf3 Rf4 53. Qd3+ Qf5 54. Qxf5+ Rxf5 55. g3 Rf7 56. Kg2 h5 57. Rb6 g6 58. f4 Kg7 59. Kf3 Ra7 60. Rb3 Ra4 61. g4 hxg4+ 62. hxg4 g5 63. Rb7+ Kf6 64. Rb6+ Kf7 65. fxg5 Kg7 66. Kg3 Kf7 67. Kh4 Kg7 68. g6 Ra5 69. Rd6 Rb5 70. Re6 Ra5 71. Kg3 Rb5 72. Kf4 Rb4+ 73. Kf5 Rb5+ 74. Re5 Rxe5+ 75. Kxe5 Kxg6 76. Kf4 Kf6 77. g5+ Kg6 78. Kg4 Kg7 79. Kf5 Kf7 80. g6+ Kg7 81. Kg5 Kg8 82. Kf6 Kf8 83. g7+ Kg8 84. Kg6 1/2-1/2

[Event "Titled Tuesday intern op 01st Apr Early"]
[Site "Chess.com INT"]
[Date "2025.04.01"]
[Round "1"]
[White "Sjugirov, Sanan"]
[Black "Bournel, Antoine"]
[Result "1-0"]
[WhiteElo "2631"]
[BlackElo "2423"]
[PlyCount "61"]
[EventDate "2025.04.01"]
[EventType "swiss (blitz)"]
[EventRounds "11"]
[EventCountry "USA"]
[SourceTitle "CB15_2025"]
[SourceDate "2025.04.09"]
[SourceVersion "1"]
[SourceVersionDate "2025.04.09"]
[SourceQuality "1"]

1. e4 d6 2. d4 Nf6 3. Nc3 e6 4. Nf3 Nc6 5. Bd3 Be7 6. 0-0 e5 7. d5 Nb8 8. Nd2 c6 9. dxc6 Nxc6 10. Nc4 Bg4 11. Qe1 Be6 12. Bg5 Rc8 13. Ne3 Nd7 14. Bxe7 Nxe7 15. Qd2 Nc5 16. Rfd1 0-0 17. Bf1 Qb6 18. Rab1 Rfd8 19. a4 Qb4 20. Ncd5 Nxd5 21. exd5 Qxd2 22. Rxd2 Bd7 23. a5 f5 24. f3 f4 25. Nc4 Bf5 26. Ra1 e4 27. b4 e3 28. Rd4 Na6 29. Rxf4 Bxc2 30. Nxe3 Nxb4 31. Rxb4 1-0

[Event "Titled Tuesday intern op 01st Apr Early"]
[Site "Chess.com INT"]
[Date "2025.04.01"]
[Round "3"]
[White "Sjugirov, Sanan"]
[Black "Gorovets, Andrey"]
[Result "0-1"]
[WhiteElo "2631"]
[BlackElo "2465"]
[PlyCount "74"]
[EventDate "2025.04.01"]
[EventType "swiss (blitz)"]
[EventRounds "11"]
[EventCountry "USA"]
[SourceTitle "CB15_2025"]
[SourceDate "2025.04.09"]
[SourceVersion "1"]
[SourceVersionDate "2025.04.09"]
[SourceQuality "1"]

1. e4 e5 2. Nf3 Nc6 3. Bb5 Nf6 4. d3 Bc5 5. Bxc6 dxc6 6. Nbd2 Qe7 7. Nc4 Nd7 8. a4 a5 9. 0-0 0-0 10. Kh1 Kh8 11. Be3 f6 12. b3 b6 13. Nh4 g6 14. g3 Ba6 15. Bxc5 Nxc5 16. Ne3 Rad8 17. Qe1 Qd6 18. Rd1 Ne6 19. Nhg2 Nd4 20. f4 c5 21. Qf2 Bb7 22. Rde1 Rde8 23. Kg1 Kg8 24. Nh4 exf4 25. gxf4 f5 26. e5 Qd8 27. Neg2 g5 28. fxg5 f4 29. g6 f3 30. gxh7+ Kxh7 31. Ne3 Rg8+ 32. Kh1 Ref8 33. Rg1 Rg2 34. Nexg2 fxg2+ 35. Qxg2 Bxg2+ 36. Rxg2 Qxh4 37. Reg1 Ne6 0-1

[Event "Tashkent Agzamov Memorial 18th"]
[Site "Tashkent"]
[Date "2025.03.26"]
[Round "7"]
[White "Nihal, Sarin"]
[Black "Sjugirov, Sanan"]
[Result "1-0"]
[WhiteElo "2687"]
[BlackElo "2631"]
[PlyCount "102"]
[EventDate "2025.03.20"]
[EventType "swiss"]
[EventRounds "10"]
[EventCountry "UZB"]
[SourceTitle "CB14_2025"]
[SourceDate "2024.11.01"]
[SourceVersion "1"]
[SourceVersionDate "2024.11.01"]
[SourceQuality "1"]

1. e4 c5 2. Nf3 d6 3. Nc3 Nf6 4. Bb5+ Bd7 5. Qe2 e6 6. Bxd7+ Nbxd7 7. d3 Be7 8. a4 Rc8 9. 0-0 0-0 10. Ne1 Ne5 11. f4 Nc6 12. g4 Nd7 13. Kh1 a6 14. Qg2 Kh8 15. Rf3 c4 16. Rh3 cxd3 17. Nxd3 Kg8 18. Be3 Bf6 19. Rf1 Bxc3 20. bxc3 Re8 21. g5 Qa5 22. f5 exf5 23. exf5 Qxa4 24. Rf4 Qa1+ 25. Bg1 Nce5 26. Rfh4 Nf8 27. g6 fxg6 28. Nxe5 Rxe5 29. fxg6 Rc7 30. gxh7+ Kh8 31. Rf3 Ne6 32. Rf1 Qxc3 33. Bd4 Qc4 34. Qf3 Rc8 35. c3 a5 36. h3 a4 37. Qf2 Qd5+ 38. Kh2 a3 39. c4 Qa5 40. c5 Qd8 41. Bxe5 dxe5 42. Ra4 Qd3 43. Qf5 Qb3 44. Rh4 a2 45. Qxe5 Ra8 46. Rg4 Qc2+ 47. Rg2 Qxc5 48. Qxc5 Nxc5 49. Ra1 Kxh7 50. Raxa2 Rxa2 51. Rxa2 g5 1-0

[Event "Tashkent Agzamov Memorial 18th"]
[Site "Tashkent"]
[Date "2025.03.25"]
[Round "6"]
[White "Sjugirov, Sanan"]
[Black "Tin, Jingyao"]
[Result "1-0"]
[WhiteElo "2631"]
[BlackElo "2597"]
[PlyCount "119"]
[EventDate "2025.03.20"]
[EventType "swiss"]
[EventRounds "10"]
[EventCountry "UZB"]
[SourceTitle "CB14_2025"]
[SourceDate "2024.11.01"]
[SourceVersion "1"]
[SourceVersionDate "2024.11.01"]
[SourceQuality "1"]

1. Nf3 d5 2. g3 Nf6 3. Bg2 g6 4. c4 c6 5. b3 Bg7 6. Bb2 0-0 7. 0-0 a5 8. Nc3 Bf5 9. d3 Na6 10. cxd5 cxd5 11. Qd2 Nc5 12. Rac1 Rc8 13. Nb5 b6 14. Nbd4 Bd7 15. Ne5 Qc7 16. Ndf3 Qb7 17. Rc2 Na6 18. Nxd7 Qxd7 19. Rfc1 Nb4 20. Rxc8 Rxc8 21. Ne5 Qe6 22. Rxc8+ Qxc8 23. a3 Nc6 24. Qc1 Na7 25. Qxc8+ Nxc8 26. Nc6 e6 27. e4 dxe4 28. dxe4 Nd7 29. e5 Kf8 30. f4 Ke8 31. Kf1 Ne7 32. Nd4 Nf5 33. Nxf5 gxf5 34. Bc6 Bf8 35. Ke2 Bc5 36. h3 Ke7 37. g4 Nf8 38. Kf3 Ng6 39. Bb5 Nh4+ 40. Kg3 Ng6 41. Bc1 fxg4 42. hxg4 f6 43. exf6+ Kxf6 44. Bd3 h6 45. Kf3 Ne7 46. Bb2+ Kf7 47. Bc4 Nd5 48. f5 Nc7 49. a4 Ke7 50. Be5 Kd7 51. fxe6+ Nxe6 52. Bxe6+ Kxe6 53. Bg7 Kd5 54. Bxh6 Ba3 55. Be3 Kc6 56. g5 b5 57. Ke4 bxa4 58. bxa4 Kd6 59. Kf5 Ke7 60. Bd2 1-0

[Event "Titled Tuesday intern op 11th Mar Late"]
[Site "Chess.com INT"]
[Date "2025.03.11"]
[Round "10"]
[White "Naroditsky, Daniel"]
[Black "Sjugirov, Sanan"]
[Result "1-0"]
[WhiteElo "2619"]
[BlackElo "2631"]
[PlyCount "59"]
[EventDate "2025.03.11"]
[EventType "swiss (blitz)"]
[EventRounds "11"]
[EventCountry "USA"]
[SourceTitle "CB12_2025"]
[SourceDate "2025.03.19"]
[SourceVersion "1"]
[SourceVersionDate "2025.03.19"]
[SourceQuality "1"]

1. e4 e5 2. Nf3 Nc6 3. Nc3 Nf6 4. Nd5 d6 5. d4 exd4 6. Nxd4 Be7 7. Bb5 Bd7 8. Nf5 Bxf5 9. exf5 0-0 10. 0-0 a6 11. Bxc6 bxc6 12. Nxe7+ Qxe7 13. Re1 Qd7 14. Qd3 h6 15. b3 Rfe8 16. Bb2 Nh7 17. h4 f6 18. Rxe8+ Qxe8 19. Bc3 Nf8 20. Re1 Qd7 21. g4 Qf7 22. Qe4 Qd7 23. g5 hxg5 24. hxg5 fxg5 25. Qe7 Rd8 26. Bxg7 Qxe7 27. Rxe7 Nd7 28. Bc3 Ne5 29. Rxc7 Nf7 30. Rxc6 1-0

[Event "Titled Tuesday intern op 11th Mar Late"]
[Site "Chess.com INT"]
[Date "2025.03.11"]
[Round "7"]
[White "Sjugirov, Sanan"]
[Black "Fellowes, Billy"]
[Result "1-0"]
[WhiteElo "2631"]
[BlackElo "2203"]
[PlyCount "69"]
[EventDate "2025.03.11"]
[EventType "swiss (blitz)"]
[EventRounds "11"]
[EventCountry "USA"]
[SourceTitle "CB12_2025"]
[SourceDate "2025.03.19"]
[SourceVersion "1"]
[SourceVersionDate "2025.03.19"]
[SourceQuality "1"]

1. c4 e5 2. Nc3 Nc6 3. g3 f5 4. Bg2 Nf6 5. d3 Be7 6. e3 d6 7. Nge2 0-0 8. Rb1 a5 9. a3 Qe8 10. b4 axb4 11. axb4 Qh5 12. b5 Nd8 13. 0-0 Ne6 14. f4 Kh8 15. h3 Qg6 16. Kh2 Qh5 17. Kg1 Qg6 18. e4 Nc5 19. Be3 exf4 20. Bxc5 dxc5 21. e5 f3 22. Rxf3 Nh5 23. Nd5 Bd8 24. g4 Ra2 25. gxh5 Qxh5 26. Nec3 Rxg2+ 27. Kxg2 f4 28. Qe2 Rf5 29. e6 Rg5+ 30. Kh2 Rg3 31. Rxg3 fxg3+ 32. Kxg3 Qg6+ 33. Kh2 Bh4 34. Rg1 Qf5 35. Rf1 1-0

[Event "Titled Tuesday intern op 11th Mar Late"]
[Site "Chess.com INT"]
[Date "2025.03.11"]
[Round "9"]
[White "Sjugirov, Sanan"]
[Black "Sarana, Alexey"]
[Result "1-0"]
[WhiteElo "2631"]
[BlackElo "2689"]
[PlyCount "107"]
[EventDate "2025.03.11"]
[EventType "swiss (blitz)"]
[EventRounds "11"]
[EventCountry "USA"]
[SourceTitle "CB12_2025"]
[SourceDate "2025.03.19"]
[SourceVersion "1"]
[SourceVersionDate "2025.03.19"]
[SourceQuality "1"]

1. c4 e6 2. g3 d5 3. Bg2 Nf6 4. Nf3 Be7 5. 0-0 0-0 6. d4 dxc4 7. Qc2 a6 8. a4 b6 9. Ne5 Ra7 10. Rd1 Bb7 11. Bxb7 Rxb7 12. Nxc4 Nc6 13. e3 Qd5 14. b3 b5 15. axb5 axb5 16. Nc3 Qh5 17. Nd2 Nb4 18. Qb1 Nbd5 19. Bb2 Nxc3 20. Bxc3 b4 21. Bb2 Ng4 22. Nf1 Rb5 23. e4 Qh6 24. f3 Ne3 25. Bc1 Bg5 26. Bxe3 Bxe3+ 27. Kg2 Bg5 28. Qd3 Rb6 29. h4 Bd8 30. Ne3 Qg6 31. Kf2 f5 32. exf5 exf5 33. Nd5 Rd6 34. Nf4 Qf7 35. Ra8 Bf6 36. Rxf8+ Kxf8 37. d5 g6 38. Qb5 Qd7 39. Qxb4 Kg7 40. Qc4 Be5 41. Nd3 Bf6 42. Nc5 Qc8 43. Ne6+ Kf7 44. Rc1 Rd7 45. h5 gxh5 46. Nf4 Be5 47. d6+ Kg7 48. Nxh5+ Kh8 49. Qe6 Bxd6 50. Qf6+ Kg8 51. Qg5+ Kh8 52. Qxf5 Qd8 53. Re1 Bb4 54. Re2 1-0

[Event "Titled Tuesday intern op 11th Mar Late"]
[Site "Chess.com INT"]
[Date "2025.03.11"]
[Round "1"]
[White "Sjugirov, Sanan"]
[Black "Zhou, Yuxu"]
[Result "1-0"]
[WhiteElo "2631"]
[BlackElo "2101"]
[PlyCount "69"]
[EventDate "2025.03.11"]
[EventType "swiss (blitz)"]
[EventRounds "11"]
[EventCountry "USA"]
[SourceTitle "CB12_2025"]
[SourceDate "2025.03.19"]
[SourceVersion "1"]
[SourceVersionDate "2025.03.19"]
[SourceQuality "1"]

1. c4 Nf6 2. Nf3 c5 3. Nc3 Nc6 4. e3 e5 5. d4 e4 6. d5 exf3 7. dxc6 dxc6 8. Qxd8+ Kxd8 9. gxf3 g6 10. b3 Bg7 11. Bb2 Be6 12. Ne4 Nxe4 13. Bxg7 Rg8 14. Be5 f6 15. Bb2 Nd6 16. Bxf6+ Ke8 17. Rd1 Nf7 18. h4 a5 19. a4 Rc8 20. f4 Nh6 21. h5 Bg4 22. Be2 gxh5 23. Bg5 Bxe2 24. Kxe2 Nf7 25. Rxh5 h6 26. Bh4 Rg6 27. Rxc5 b6 28. Rh5 c5 29. Rhd5 Kf8 30. f5 Rgc6 31. e4 Re8 32. f3 Kg7 33. Ke3 Rg8 34. Kf4 Kh7 35. Rd7 1-0

[Event "Titled Tuesday intern op 11th Mar Late"]
[Site "Chess.com INT"]
[Date "2025.03.11"]
[Round "5"]
[White "Theodorou, Nikolas"]
[Black "Sjugirov, Sanan"]
[Result "1-0"]
[WhiteElo "2611"]
[BlackElo "2631"]
[PlyCount "73"]
[EventDate "2025.03.11"]
[EventType "swiss (blitz)"]
[EventRounds "11"]
[EventCountry "USA"]
[SourceTitle "CB12_2025"]
[SourceDate "2025.03.19"]
[SourceVersion "1"]
[SourceVersionDate "2025.03.19"]
[SourceQuality "1"]

1. Nf3 d5 2. b3 c5 3. Bb2 f6 4. e4 dxe4 5. Nh4 g6 6. Nc3 Bg7 7. Nxe4 Qb6 8. Bc4 Be6 9. Bxe6 Qxe6 10. Qe2 Qc6 11. 0-0-0 Nd7 12. d4 cxd4 13. Rxd4 Nh6 14. Rhd1 Ne5 15. f4 Nef7 16. Nd6+ Kf8 17. Nxf7 Nxf7 18. Nf3 f5 19. Rd7 Bxb2+ 20. Kxb2 Qf6+ 21. Kb1 Re8 22. Rxb7 Nd6 23. Rc7 Ne4 24. Ne5 Kg7 25. Kb2 Rc8 26. Rdd7 Rxc7 27. Rxc7 a5 28. a4 Rd8 29. g3 Rd2 30. Qb5 Qd6 31. Qxa5 Rd1 32. Rc4 Nd2 33. Qc3 Rb1+ 34. Ka2 Nxc4 35. Nxc4+ Qf6 36. Qxf6+ Kxf6 37. Kxb1 1-0

[Event "Tashkent Al Beruniy m-A 2nd"]
[Site "Tashkent"]
[Date "2025.02.14"]
[Round "2.2"]
[White "Vokhidov, Shamsiddin"]
[Black "Sjugirov, Sanan"]
[Result "1/2-1/2"]
[WhiteElo "2670"]
[BlackElo "2643"]
[PlyCount "90"]
[EventDate "2025.02.13"]
[EventType "schev"]
[EventRounds "8"]
[EventCountry "UZB"]
[SourceTitle "CB09_2025"]
[SourceDate "2025.02.27"]
[SourceVersion "1"]
[SourceVersionDate "2025.02.27"]
[SourceQuality "1"]
[WhiteTeam "Uzbekistan"]
[BlackTeam "World"]
[WhiteTeamCountry "UZB"]

1. e4 e5 2. Nf3 Nc6 3. Bb5 Nf6 4. d3 Bc5 5. Nbd2 d6 6. c3 0-0 7. 0-0 Bb6 8. h3 Ne7 9. d4 exd4 10. cxd4 d5 11. e5 Ne4 12. a4 a5 13. Re1 Bf5 14. Ra3 c5 15. Nxe4 dxe4 16. Nh4 Be6 17. Rxe4 cxd4 18. Bg5 Qd5 19. Re1 Ng6 20. Nxg6 hxg6 21. h4 Bd8 22. Rd3 Bxg5 23. Rxd4 Qa2 24. hxg5 Qxb2 25. Re2 Qa3 26. Re3 Qb2 27. Re2 Qa3 28. Qd2 Rac8 29. Kh2 Qc1 30. f4 Rc3 31. Qxc1 Rxc1 32. Red2 Rfc8 33. Rd8+ Kh7 34. Rxc8 Rxc8 35. Rd4 Kg8 36. Kg3 Kf8 37. Kf3 Ke7 38. Ke3 Rc3+ 39. Rd3 Rc2 40. g3 Bf5 41. Rb3 Be6 42. Rd3 Bf5 43. Rd6 Rc3+ 44. Kf2 Rc2+ 45. Kf3 Rc3+ 1/2-1/2

[Event "Tashkent Al Beruniy-A 2nd"]
[Site "Tashkent"]
[Date "2025.02.05"]
[Round "3"]
[White "Nigmatov, Ortik"]
[Black "Sjugirov, Sanan"]
[Result "1/2-1/2"]
[WhiteElo "2505"]
[BlackElo "2643"]
[PlyCount "62"]
[EventDate "2025.02.03"]
[EventType "tourn"]
[EventRounds "9"]
[EventCountry "UZB"]
[EventCategory "14"]
[SourceTitle "CB07_2025"]
[SourceDate "2025.02.12"]
[SourceVersion "1"]
[SourceVersionDate "2025.02.12"]
[SourceQuality "1"]

1. e4 c6 2. d4 d5 3. Nc3 dxe4 4. Nxe4 Bf5 5. Ng3 Bg6 6. Nh3 Nf6 7. Nf4 Nbd7 8. h4 e5 9. Nxg6 hxg6 10. dxe5 Qa5+ 11. Bd2 Qxe5+ 12. Qe2 0-0-0 13. Qxe5 Nxe5 14. Be2 Re8 15. Bg5 Nd5 16. 0-0-0 Be7 17. Bxe7 Rxe7 18. Rd4 Kc7 19. a3 a6 20. h5 gxh5 21. Rxh5 Rxh5 22. Nxh5 g6 23. Nf4 Nf6 24. Nd3 Ned7 25. Bf3 Nh7 26. Rg4 Ne5 27. Nxe5 Rxe5 28. Re4 Rxe4 29. Bxe4 Nf6 30. Bf3 Kd6 31. Kd2 Ke5 1/2-1/2

[Event "Titled Tuesday intern op 04th Feb Early"]
[Site "Chess.com INT"]
[Date "2025.02.04"]
[Round "2"]
[White "Arakelyan, Manvel"]
[Black "Sjugirov, Sanan"]
[Result "0-1"]
[WhiteElo "2282"]
[BlackElo "2643"]
[PlyCount "54"]
[EventDate "2025.02.04"]
[EventType "swiss (blitz)"]
[EventRounds "11"]
[EventCountry "USA"]
[SourceTitle "CB07_2025"]
[SourceDate "2025.02.12"]
[SourceVersion "1"]
[SourceVersionDate "2025.02.12"]
[SourceQuality "1"]

1. e4 c5 2. Nf3 Nc6 3. Bb5 e6 4. 0-0 Nd4 5. Nxd4 cxd4 6. d3 a6 7. Bc4 b5 8. Bb3 Bb7 9. c3 Bc5 10. Nd2 Nf6 11. Nf3 dxc3 12. bxc3 d6 13. Re1 0-0 14. h3 h6 15. Bf4 Rc8 16. Qd2 Re8 17. a4 Bb6 18. axb5 axb5 19. Rab1 Ba5 20. Rec1 Qc7 21. e5 dxe5 22. Bxe5 Qe7 23. Nd4 Rc5 24. Qf4 Nh5 25. Qh2 Qg5 26. f4 Qg6 27. g4 Bxc3 0-1

[Event "Titled Tuesday intern op 04th Feb Early"]
[Site "Chess.com INT"]
[Date "2025.02.04"]
[Round "4"]
[White "Harsh, Suresh"]
[Black "Sjugirov, Sanan"]
[Result "0-1"]
[WhiteElo "2389"]
[BlackElo "2643"]
[PlyCount "50"]
[EventDate "2025.02.04"]
[EventType "swiss (blitz)"]
[EventRounds "11"]
[EventCountry "USA"]
[SourceTitle "CB07_2025"]
[SourceDate "2025.02.12"]
[SourceVersion "1"]
[SourceVersionDate "2025.02.12"]
[SourceQuality "1"]

1. b3 d5 2. Bb2 Nf6 3. Nf3 e6 4. e3 b6 5. c4 Bb7 6. Nc3 a6 7. Qc2 Bd6 8. Be2 Nbd7 9. h4 h6 10. 0-0-0 Qe7 11. g4 Nxg4 12. Rhg1 h5 13. cxd5 exd5 14. Nd4 g6 15. f3 Ngf6 16. Bd3 0-0-0 17. Na4 c5 18. f4 Kb8 19. Ne2 c4 20. bxc4 dxc4 21. Bxc4 b5 22. Nd4 Rc8 23. d3 bxc4 24. dxc4 Qxe3+ 25. Kb1 Be4 0-1

[Event "Titled Tuesday intern op 04th Feb Early"]
[Site "Chess.com INT"]
[Date "2025.02.04"]
[Round "7"]
[White "Raczek, Krzysztof"]
[Black "Sjugirov, Sanan"]
[Result "0-1"]
[WhiteElo "2428"]
[BlackElo "2643"]
[PlyCount "84"]
[EventDate "2025.02.04"]
[EventType "swiss (blitz)"]
[EventRounds "11"]
[EventCountry "USA"]
[SourceTitle "CB07_2025"]
[SourceDate "2025.02.12"]
[SourceVersion "1"]
[SourceVersionDate "2025.02.12"]
[SourceQuality "1"]

1. b3 Nf6 2. Bb2 d5 3. Nf3 e6 4. e3 b6 5. c4 Bb7 6. Nc3 a6 7. cxd5 exd5 8. d4 Bd6 9. Bd3 0-0 10. 0-0 Nbd7 11. Rc1 Re8 12. Ne2 Qe7 13. Ng3 g6 14. Qc2 Rac8 15. Qe2 Ra8 16. Rc2 h5 17. Rfc1 Rec8 18. a4 Ne4 19. Nf1 c6 20. N3d2 a5 21. Bxe4 dxe4 22. Nc4 Bc7 23. Qd1 Nf6 24. Ne5 c5 25. Nc4 Rd8 26. Qe1 cxd4 27. Bxd4 Nd5 28. Rd1 Ba6 29. Rcd2 Bxc4 30. bxc4 Nb4 31. Ba1 Nd3 32. Qe2 Rdc8 33. Ng3 Bxg3 34. fxg3 Rxc4 35. Bd4 Rac8 36. Qf1 Rxa4 37. Bxb6 Qe6 38. Bd4 Rac4 39. h3 a4 40. Kh2 Kh7 41. Ra2 Rxd4 42. Rf2 Rd7 0-1

[Event "Titled Tuesday intern op 04th Feb Early"]
[Site "Chess.com INT"]
[Date "2025.02.04"]
[Round "3"]
[White "Sjugirov, Sanan"]
[Black "Mohamed, Anees M"]
[Result "1-0"]
[WhiteElo "2643"]
[BlackElo "2339"]
[PlyCount "151"]
[EventDate "2025.02.04"]
[EventType "swiss (blitz)"]
[EventRounds "11"]
[EventCountry "USA"]
[SourceTitle "CB07_2025"]
[SourceDate "2025.02.12"]
[SourceVersion "1"]
[SourceVersionDate "2025.02.12"]
[SourceQuality "1"]

1. d4 d5 2. c4 e6 3. Nc3 a6 4. cxd5 exd5 5. Nf3 Nf6 6. Bg5 Be6 7. e3 Nbd7 8. Bd3 Bd6 9. h3 c6 10. Bf4 Qc7 11. Bxd6 Qxd6 12. Rc1 h6 13. a3 0-0 14. 0-0 Rfe8 15. Na4 Ne4 16. Bxe4 dxe4 17. Nd2 Bd5 18. Nc5 Nxc5 19. Rxc5 Re6 20. Nc4 Bxc4 21. Rxc4 Rd8 22. Qb3 Qe7 23. Rc5 Red6 24. Rfc1 Rd5 25. Qb6 Rxc5 26. Rxc5 Rd5 27. b4 g6 28. a4 Kg7 29. g3 Qd7 30. Rxd5 cxd5 31. Qc5 Qxa4 32. Qxd5 Qd1+ 33. Kh2 Qd2 34. Qe5+ Kg8 35. Kg2 Qxb4 36. d5 Qc5 37. Qxe4 a5 38. Qe8+ Kg7 39. Qe5+ Kg8 40. e4 a4 41. Qe8+ Kg7 42. Qxa4 b5 43. Qa1+ Kg8 44. Qf6 Qc4 45. Qd8+ Kg7 46. Qe7 b4 47. d6 Qc5 48. e5 b3 49. Qf6+ Kg8 50. Qf3 b2 51. d7 Qd4 52. Qa8+ Kg7 53. d8Q Qxd8 54. Qxd8 b1Q 55. Qf6+ Kg8 56. Qf3 Qe1 57. Qf4 h5 58. h4 Qe2 59. Kh2 Qe1 60. Qf6 Qe4 61. Qd8+ Kg7 62. Qg5 Qe2 63. Qf4 Kg8 64. Kg2 Qe1 65. Qd4 Qe2 66. Qd5 Qe1 67. Qd8+ Kg7 68. Qf6+ Kg8 69. e6 Qxe6 70. Qxe6 fxe6 71. Kf3 Kf7 72. Ke4 Kf6 73. f3 e5 74. g4 g5 75. hxg5+ Kxg5 76. gxh5 1-0

[Event "Titled Tuesday intern op 04th Feb Early"]
[Site "Chess.com INT"]
[Date "2025.02.04"]
[Round "1"]
[White "Sjugirov, Sanan"]
[Black "Reprintsev, Alexander"]
[Result "1-0"]
[WhiteElo "2643"]
[BlackElo "2232"]
[PlyCount "59"]
[EventDate "2025.02.04"]
[EventType "swiss (blitz)"]
[EventRounds "11"]
[EventCountry "USA"]
[SourceTitle "CB07_2025"]
[SourceDate "2025.02.12"]
[SourceVersion "1"]
[SourceVersionDate "2025.02.12"]
[SourceQuality "1"]

1. d4 d5 2. c4 e5 3. dxe5 d4 4. Nf3 Nc6 5. a3 g6 6. Bg5 Qd7 7. h4 h6 8. Bf4 Bg7 9. Nbd2 Qg4 10. g3 Be6 11. Bh3 Qh5 12. Bxe6 fxe6 13. Qa4 g5 14. Nxd4 gxf4 15. Nxc6 fxg3 16. fxg3 Qg4 17. 0-0-0 a6 18. Nd4+ c6 19. Nxc6 b5 20. Qb4 Bf8 21. c5 h5 22. Qxg4 hxg4 23. b4 a5 24. Kb2 axb4 25. axb4 Bh6 26. Ne4 Be3 27. Rhf1 Rh7 28. Rd3 Bh6 29. Nf6+ Nxf6 30. Rxf6 1-0